Sustainable Development und Beschäftigung (Record no. 6060)

MARC details
000 -LEADER
fixed length control field 00563nam a22001937i 4500
001 - CONTROL NUMBER
control field 6495
003 - CONTROL NUMBER IDENTIFIER
control field OSt
005 - DATE AND TIME OF LATEST TRANSACTION
control field 20181105103737.0
007 - PHYSICAL DESCRIPTION FIXED FIELD--GENERAL INFORMATION
fixed length control field tu
008 - FIXED-LENGTH DATA ELEMENTS--GENERAL INFORMATION
fixed length control field 161220s1997 xxu||||| |||| 00| 0 d
024 7# - OTHER STANDARD IDENTIFIER
Standard number or code 6495
Source of number or code RID
024 7# - OTHER STANDARD IDENTIFIER
Standard number or code 6495
Source of number or code RSN (alt)
040 ## - CATALOGING SOURCE
Transcribing agency OSt
100 1# - MAIN ENTRY--PERSONAL NAME
Personal name Pichl, Claudia
245 00 - TITLE STATEMENT
Title Sustainable Development und Beschäftigung
Remainder of title Löst eine nachhaltige Entwicklung auch die Beschäftigungskrise?
260 ## - PUBLICATION, DISTRIBUTION, ETC.
Place of publication, distribution, etc. Wien :
Name of publisher, distributor, etc. Österreichisches Institut für Wirtschaftsforschung (WIFO),
Date of publication, distribution, etc. 1997.
490 ## - SERIES STATEMENT
Series statement WIFO Vorträge
Volume/sequential designation 72
942 ## - ADDED ENTRY ELEMENTS (KOHA)
Koha item type Paper
Holdings
Withdrawn status Lost status Damaged status Not for loan Home library Current library Shelving location Date acquired Inventory number Total Checkouts Barcode Date last seen Price effective from Koha item type
        WIIW WIIW Library 08/04/2004 6495   10001991 01/26/2017 01/26/2017 Paper
The Vienna Instiute for International Economic Studies (wiiw)